Statistics for EVERY JetPunk User with a Featured Quiz in Dutch

Click here to take the quiz!

General Stats

  • This quiz has been taken 9 times
  • The average score is 4 of 32

Answer Stats

#User% Correct
2Jato3
43%
18Jerry928
43%
317Nilles
43%
17Stewart
43%
1Jiaozira
29%
24LyricsGeographyHistory
29%
1ThatOnePunk
29%
1UG332
29%
22Barry90
14%
1BolyaiAnna
14%
2HinesBrothers
14%
2Josiah2005
14%
5Simon1006
14%
1SWATkun
14%
1Akula
0%
3AlexanderQ
0%
1Barker
0%
1benfons
0%
1daanone
0%
1Dannymann
0%
7Giorgi94
0%
3LovesPoetry
0%
3Nathaniel
0%
1nichster
0%
1ponnuki
0%
1QuantumMechanist
0%
1scambiandJerry
0%
5Stef2
0%
1Stiwi99
0%
1Tristan458
0%
1trollie
0%
4Yesse03
0%

Score Distribution

Percentile by Number Answered

Percent of People with Each Score

Your Score History

You have not taken this quiz